000 00242nam a22000857a 4500
110 1 _aUniversidad del Caribe
_918787
245 0 4 _aLIV Quincuagésima cuarta graduación ordinaria
264 _aSanto Domingo :
_bBúho,
_c2024.
300 _a12 páginas :
999 _c58530
_d58530